=LDR 00000nam 2200000 4500 =001 INLIS000000000033764 =005 20130612135712 =008 ***********************************ind** =035 ##$$0010-061300000033764 =041 ##$$a ind =082 ##$$a 929.4 =090 ##$$a 929.4, Nur y =100 ##$$a Nurmahwat, Dyah =245 ##$$a Yang Terbaik Untukmu Sejuta Nama Pilihan Bayi - bayi Terindah Dunia / Diyah Nurmahwati =260 ##$$a 2007 $b Yogyakarta =300 ##$$a 241 hlm, 19 cm =650 ##$$a Nama =850 ##$$a NBPNMAT